Evaluación Inicial de riesgos laborales por puestos de trabajos en los laboratorios y áreas del programa de investigación de estudios Nacionales y Servicios Ambientales (PIENSA) del Recinto Simón Bolívar de la Universidad Nacional de Ingeniería

Presenta un estudio sobre los riesgos laborales derivados de las condiciones de trabajo en el Programa de investigación Estudios Nacionales y Servicios Ambientales y tiene por objeto el análisis y evaluación de los riesgos a los cuales los trabajadores están expuestos en el área con el fin de p...

Full description

Bibliographic Details
Main Authors: Romero Soza, Denis Antonio, Juárez Ruiz, Ariel Alfonso, Corea Vargas, Carlos Alexander
Other Authors: Tutor: Orozco Miranda, Hazzely del Carmen
Format: Tesis Section = Libro
Language:Undetermined
Spanish
Published: Managua UNI 2017
Subjects:
LEADER 01619nam a2200301Ia 4500
008 240830s9999 xx 000 0 und d
040 |a BIBLIOTECA-RUPAP Mon 658.38 R763 
041 |a spa 
082 |a Mon 658.38 R763 
100 1 |a Romero Soza, Denis Antonio 
100 1 |b  Juárez Ruiz, Ariel Alfonso 
100 1 |c  Corea Vargas, Carlos Alexander 
245 1 0 |a Evaluación Inicial de riesgos laborales por puestos de trabajos en los laboratorios y áreas del programa de investigación de estudios Nacionales y Servicios Ambientales (PIENSA) del Recinto Simón Bolívar de la Universidad Nacional de Ingeniería 
260 |a Managua  |b UNI  |c 2017 
300 |a 136 p. :il. 
500 |a Contiene: anexos e Incluye: CD. 
502 |a Tesis (Ingeniero de Sistemas)- UNI, 2017. 
520 3 |a Presenta un estudio sobre los riesgos laborales derivados de las condiciones de trabajo en el Programa de investigación Estudios Nacionales y Servicios Ambientales y tiene por objeto el análisis y evaluación de los riesgos a los cuales los trabajadores están expuestos en el área con el fin de proporcionar medidas preventivas que mitiguen, disminuyan o eliminen las condiciones de peligro a las cuales están expuestos el personal que labora dentro de las instalaciones. 
650 7 |a SEGURIDAD EN EL TRABAJO 
650 7 |b HIGIENE Y SEGURIDAD DEL TRABAJO 
650 7 |c RIESGOS LABORALES 
650 7 |d PREVENCION DEL ACCIDENTES 
650 7 |e MEDIDAS DE SEGURIDAD 
650 7 |f MAPAS DE RIESGOS 
700 1 |a Tutor:  |b Orozco Miranda, Hazzely del Carmen 
942 |c BK  |2 ddc 
991 |a TESIS 
999 |c 17162